La meravigliosa storia del falso Artemidoro
Gorde:
| Egile nagusia: | |
|---|---|
| Formatua: | Liburua |
| Hizkuntza: | italiera |
| Argitaratua: |
Palermo
Sellerio editore
2011
|
| Edizioa: | 1a. ed |
| Saila: | La Memoria, 855
|
| Gaiak: | |
| Etiketak: |
Etiketa erantsi
Etiketarik gabe, Izan zaitez lehena erregistro honi etiketa jartzen!
|
MARC
| LEADER | 00000cam a2200000 a 4500 | ||
|---|---|---|---|
| 001 | UCD9286 | ||
| 003 | CL-VaPUC | ||
| 008 | 170609e20110000it |||||||||||||||||ita|d | ||
| 020 | |a 9788838925610 | ||
| 082 | 0 | 4 | |a 133.43 |b CAN |2 21 |
| 100 | 0 | |a Canfora, Luciano |e author |9 592988 | |
| 245 | 1 | 3 | |a La meravigliosa storia del falso Artemidoro |
| 250 | |a 1a. ed | ||
| 300 | |a 251 p | ||
| 942 | |c BK | ||
| 945 | |d 20170609 16:51:00 |a arojas | ||
| 260 | |a Palermo |b Sellerio editore |c 2011 | ||
| 650 | 7 | |a MAGIA GRIEGA |2 CL-VaPUC |9 318277 | |
| 650 | 7 | |a PAPIROS |2 CL-VaPUC |9 318278 | |
| 651 | 0 | |a Grecia |9 265314 | |
| 583 | |a last modification |c 20170609 16:51:00 |k Rodrigo Vera | ||
| 490 | 0 | |a La Memoria, 855 | |
| 999 | |c 368518 |d 368516 | ||
| 952 | |0 0 |1 0 |3 erb |4 0 |6 133_430000000000000_CAN_2011 |7 0 |8 A |9 483872 |a FDOLAF |b FDOLAF |e Laffi, Umberto, 1939- |i 5396646 |o 133.43 CAN 2011 |p 5396646 |r 2024-01-30 |w 2019-11-24 |y BK |z Catalogado en:20170609 |k LAF | ||